| 000 | 02405nam a22002057a 4500 | ||
|---|---|---|---|
| 999 |
_c52554 _d52554 |
||
| 005 | 20230208230114.0 | ||
| 008 | s2550 th o tha d | ||
| 040 | _aNALT | ||
| 086 | _aสว 18 7.3 342.02 2550 | ||
| 110 | 2 |
_aสำนักงานเลขาธิการวุฒิสภา ปฏิบัติหน้าที่สำนักงานเลขาธิการสภานิติบัญญัติแห่งชาติ. _bสำนักกรรมาธิการ 3 _998 |
|
| 245 | 1 | 0 |
_aรายงานการพิจารณาศึกษาของคณะกรรมาธิการติดตามการบริหารงบประมาณ ติดตามมติของสภาและตรวจรายงานการประชุม สภานิติบัญญัติแห่งชาติ เรื่อง ปัญหาการจัดพิมพ์ร่างรัฐธรรมนูญ ฉบับลงประชามติ 20 ล้านเล่ม วงเงิน 285 ล้านบาท / _cสำนักกรรมาธิการ 3 สำนักงานเลขาธิการวุฒิสภา ปฏิบัติหน้าที่สำนักงานเลขาธิการสภานิติบัญญัติแห่งชาติ. |
| 260 |
_aกรุงเทพฯ : _bสำนักกรรมาธิการ 3 สำนักงานเลขาธิการวุฒิสภา ปฏิบัติหน้าที่สำนักงานเลขาธิการสภานิติบัญญัติแห่งชาติ, _c2550. |
||
| 300 |
_a279 หน้า : _bภาพประกอบ, ตาราง ; _c29 ซม. |
||
| 610 | 2 | 4 |
_aคณะกรรมาธิการติดตามการบริหารงบประมาณติดตามมติของสภาและตรวจรายงานการประชุม สภานิติบัญญัติแห่งชาติ _911398 _xรายงาน |
| 650 | 4 |
_aการจัดพิมพ์ร่างรัฐธรรมนูญ _911397 _y2550 |
|
| 653 | 4 | _aการร่างรัฐธรรมนูญ | |
| 850 | _aNALT | ||
| 942 |
_cPAR _2local |
||
| 998 |
_j25 _k นีลวัสน์ อินทรักษา |
||